Statistics for Football Nations by Best World Cup Result

Click here to take the quiz!

General Stats

  • This quiz has been taken 81 times
    (41 since last reset)
  • The average score is 53 of 80

Answer Stats

HintAnswer% Correct
Champions (5)Brazil
100%
Champions (4)Germany
100%
Champions (1)England
97%
Champions (2)France
97%
Runners-Up (3)Netherlands
97%
Champions (3)Argentina
94%
Champions (4)Italy
94%
Champions (1)Spain
94%
Champions (2)Uruguay
91%
Third Place (1)Portugal
88%
Runners-Up (1)Sweden
85%
Third Place (1)United States of America
85%
Runners-Up (1)Croatia
82%
Fourth Place (1)Morocco
82%
Third Place (2)Poland
82%
Third Place (1)Belgium
79%
Round of 32 (2)Canada
79%
Round of 32 (3)Egypt
79%
Fourth Place (1)Russia
79%
Quarter-Finals (1)Colombia
76%
Quarter-Finals (2)Mexico
76%
Round of 16 (1)Norway
76%
Quarter-Finals (1)Republic of Ireland
76%
Round of 16 (1)Saudi Arabia
76%
Round of 32 (8)Scotland
76%
Fourth Place (1)South Korea
76%
Round of 16 (2)Australia
74%
Third Place (1)Chile
74%
Round of 32 (1)Qatar
74%
Quarter-Finals (1)Senegal
74%
Round of 32 (3)South Africa
74%
Round of 16 (1)Algeria
71%
Round of 32 (1)China
71%
Quarter-Finals (1)Denmark
71%
Round of 32 (6)Iran
71%
Round of 16 (4)Japan
71%
Round of 16 (1)Greece
68%
Fourth Place (2)Serbia
68%
Quarter-Finals (3)Switzerland
68%
Third Place (1)Turkey
68%
Quarter-Finals (1)Wales
68%
Round of 32 (2)New Zealand
65%
Quarter-Finals (1)Paraguay
65%
Round of 32 (2)Slovenia
65%
Third Place (1)Austria
62%
Quarter-Finals (1)Costa Rica
62%
Quarter-Finals (1)Ghana
62%
Round of 32 (1)Iraq
62%
Quarter-Finals (1)Ukraine
62%
Round of 32 (3)Bolivia
59%
Round of 16 (1)Ecuador
59%
Round of 32 (1)Iceland
59%
Round of 16 (1)Slovakia
59%
Quarter-Finals (1)Cameroon
56%
Runners-Up (2)Hungary
56%
Round of 16 (3)Nigeria
56%
Quarter-Finals (1)Northern Ireland
56%
Quarter-Finals (1)North Korea
56%
Quarter-Finals (1)Peru
56%
Fourth Place (1)Bulgaria
53%
Round of 32 (3)Côte d'Ivoire
53%
Runners-Up (2)Czech Republic
53%
Round of 32 (1)Jamaica
53%
Round of 32 (6)Tunisia
53%
Quarter-Finals (1)Romania
50%
Round of 32 (1)Democratic Republic of the Congo
47%
Round of 32 (1)Bosnia & Herzegovina
44%
Round of 32 (3)Honduras
44%
Round of 32 (1)Panama
44%
Round of 32 (1)Trinidad & Tobago
44%
Round of 32 (1)United Arab Emirates
44%
Round of 32 (1)Haiti
41%
Round of 32 (1)Indonesia
41%
Round of 32 (1)Israel
41%
Round of 32 (2)El Salvador
38%
Round of 32 (1)Kuwait
38%
Round of 32 (1)Angola
35%
Quarter-Finals (1)Cuba
35%
Round of 32 (1)Togo
32%
Round of 16 (1)East Germany
29%

Score Distribution

Percentile by Number Answered

Percent of People with Each Score

Your Score History

You have not taken this quiz since the last reset